Jozef Cíger Hronský: Životná dráma

Podrobná bibliografia
Hlavný autor: Maťovčík, Augustín, 1937- (Autor)
Médium: Kniha
Jazyk:slovenčina
Fyzický popis:183 s. 20 cm
Vydavateľské údaje: Martin Osveta 1995
ISBN:8021705299
Edícia:Sondy
Predmet:

MARC

LEADER 00000cam a2200000 a 4500
001 vtls001183136
003 SK-MaSNL
005 20260301102002.0
008 240315s1995 xo a rb 00000 slo
015 |a SNBA1996/0501441 
020 |a 8021705299  |q (viazané) 
035 |a SNK000126185 
040 |a SNK  |b slo  |c SNK  |e AACR2 
041 0 |a slo 
044 |a xo  |c SK 
072 7 |a 821.162.4.09  |x Slovenská literatúra (onej)  |2 konspekt 
080 |a 821.162.4-051  |2 2011 
080 |a 929  |2 2011 
080 |a (092)  |2 2011 
100 1 |a Maťovčík, Augustín,  |d 1937-  |4 aut  |9 98490 
245 1 0 |a Jozef Cíger Hronský: Životná dráma  |c Augustín Maťovčík 
260 |a Martin  |b Osveta  |c 1995 
300 |a 183 s.  |c 20 cm 
490 1 |a Sondy  |v zv. 22 
500 |a Ilustr. na rozlož. tit. strane 
504 |a Bibliografia strana 182-183 ; obsahuje Kalendárium života a diela 
600 1 7 |a Hronský, Jozef Cíger,  |d 1896-1960  |2 SNKMA  |9 89812 
650 0 7 |a slovenskí spisovatelia  |2 SNKPH  |9 1258 
650 0 7 |a osobnosti  |2 SNKPH  |9 29820 
650 0 7 |a Slovak authors  |2 SNKPHeng  |9 268018 
650 0 7 |a Celebrities  |2 SNKPHeng  |9 265203 
655 7 |a biografie  |2 SNKPH  |9 27965 
655 7 |a Biography  |2 SNKPHeng  |9 266314 
700 1 |a Vaško, Imrich,  |d 1936-2010  |4 dnr  |9 206049 
830 0 |a Sondy  |9 278191 
852 |a Akadémia umení v Banskej Bystrici 
919 |a 80-217-0529-9 
958 |a TL 
958 |a NB 
958 |a BX 
999 |c 690854  |d 692784 
952 |t P60, <09>, [BOOK], {629}  |a SNK  |b SNK  |y NEVYP  |7 0  |o snkD 104  |i snk1007/960311  |0 0  |1 0  |4 0  |d 1996-03-07  |l 0  |r 2005-01-01 00:00:00  |w 2026-02-23 
952 |t P60, <03>, [BOOK], {603}  |a SNK  |b SNK  |y PREZ  |7 0  |p 17A0007441  |o snkSD 67684  |i snkKSP 2705/96  |0 0  |1 0  |4 0  |d 1996-03-07  |l 0  |r 2005-01-01 00:00:00  |w 2026-02-23 
952 |a SNK  |b SNK  |y VYP  |7 0  |p 17A0062073  |o snkSD 67684 D1  |i snkKIP 2706/96  |0 0  |1 0  |4 0  |d 1997-04-23  |l 0  |r 2005-01-01 00:00:00  |w 2026-02-23 
952 |t snkMAT 929(437.6)  |a SNKUST  |b SNKUST  |y PREZ  |7 0  |p 17A0810167  |o snkSD 67684 D2  |i snk2013/24378  |8 5  |0 0  |1 0  |4 0  |d 2013-10-10  |l 0  |r 2025-05-29 00:00:00  |w 2026-02-23 
952 |a SNKLM  |b SNKLM  |y NEVYP  |7 0  |o snklmKK 1043  |i snklm939/2001  |8 7  |0 0  |1 0  |4 0  |d 2006-07-27  |l 0  |r 2026-02-23 20:26:22  |w 2026-02-23